000 00728nam a22002057a 4500
999 _c183665
_d183665
005 20220121114831.0
010 _aENG-130813
020 _a978-93-89811-71-1
_c1095.00
035 _aEN-114345
037 _bDBAD
082 _a657.42
100 _aTulsian, PC
245 _aQuick Revision Book for Cost and Management Accouting:
_bFor CA Intermediate (New Syallabus)/
_cP C Tulsian, Bharat Tulsian, Tushar Tulsian
260 _aChennai
_bMcGraw Hill Education Private Limited
_c2017
270 _a444/1, Sri Ekambara Naicker Industrial Estate, Alapakkam, Porur
_bChennai
_e600116
300 _a332p
_c25cm(pbk)
700 _aTulsian, Bharat
700 _aTulsian, Tushar
942 _2ddc
_cEN
_h657.42
_mTUL